000 00604nam a2200193Ii 4500
003 JO-AjNU
008 230605s9999||||xx |||||||||||||| ||und||
040 _aJO-AjNU
_bara
_erda
_cJO-AjNU
041 _aara
050 1 4 _aRG525.S53 2009
100 3 _aالشربجي، رياض,
_eauthor
_923092
245 0 0 _aالحمل والعناية بالطفل
264 3 1 _aعمان:وزارة الثقافة،2009
300 _a256ص
336 _atext
_btxt
_2rdacontent
337 _aunmediated
_bn
_2rdamedia
338 _avolume
_bnc
_2rdacarrier
650 4 _aالعناية بالام الحامل
_923093
999 _aA8300
_c11868
_d11868